000 00436nam a22001697a 4500
999 _c6465
_d6465
003 GBCCL
005 20241126110604.0
008 180515b ||||| |||| 00| 0 eng d
040 _cgbc
082 _a920
_bGOU
100 _aGougin, T
_93424
245 _aWhat life has taught me /
_cT. Gougin
260 _bAuthor,
_aChurachandpur:
_c1982
300 _a122 p.;
_bill.,
_c22 cm.
650 _aGougin, T
_xBiography
_911574
942 _2ddc
_cBK